[Event "Superbet Varsavia Rapid 2025"]
[Site "Varsavia"]
[Date "28.04.2025"]
[Round "9.1"]
[White "Praggnanandhaa, Rameshbabu"]
[Black "Duda, Jan-Krzysztof"]
[Result "1-0"]
[WhiteTitle "GM"]
[BlackTitle "GM"]
[WhiteElo "2758"]
[BlackElo "2739"]
[WhiteFideId "25059530"]
[BlackFideId "1170546"]
[EventDate "2025.04.26"]

1. d4 Nf6 2. Nf3 e6 3. Bf4 c5 4. e3 b6 5. Nc3 cxd4 6. Nb5 Nd5 7. Qxd4 Nc6 8.
Nd6+ Bxd6 9. Qxg7 Bb4+ 10. c3 Bxc3+ 11. bxc3 Qf6 12. Qxf6 Nxf6 13. Nd2 Nd5 14.
Bg3 Nxc3 15. a3 O-O 16. Rc1 Nd5 17. Bd6 Re8 18. e4 Nde7 19. h4 Bb7 20. Rh3 f6
21. Kd1 Rac8 22. Rhc3 Kf7 23. Bb5 a6 24. Bd3 Nd4 25. Bc7 b5 26. Bb6 Rxc3 27.
Rxc3 Nec6 28. Bb1 e5 29. Ba2+ Ke7 30. Bd5 Ne6 31. Rg3 Ba8 32. Nf1 Rb8 33. Ne3
Rxb6 34. Rg8 Kd6 35. Rxa8 Ne7 36. Rh8 h5 37. g3 a5 38. Rxh5 Nxd5 39. Nxd5 Rb8
40. Nxf6 b4 41. axb4 Rxb4 42. Rh8 Rb1+ 43. Ke2 a4 44. Ra8 Ra1 45. Kf3 a3 46. h5
Ke7 47. Nd5+ Kf7 48. Kg4 Nc5 49. f3 a2 50. Ra7 Kg7 51. Ne3 Kf6 52. Nc2 Rh1 53.
Rxa2 Ke6 54. Ne3 Kf6 55. Rb2 Nd3 56. Rd2 Nc5 57. Rd5 Rc1 58. Rd6+ Kf7 59. h6 Re1
60. Nf5 Rh1 61. Nh4 Ra1 62. Ng6 Rh1 63. Nxe5+ Ke7 64. Rd5 Ne6 65. Rxd7+ Kf6 66.
f4 1-0

[Event "Superbet Varsavia Rapid 2025"]
[Site "Varsavia"]
[Date "28.04.2025"]
[Round "9.2"]
[White "Aravindh, Chithambaram VR."]
[Black "Firouzja, Alireza"]
[Result "1-0"]
[WhiteTitle "GM"]
[BlackTitle "GM"]
[WhiteElo "2749"]
[BlackElo "2757"]
[WhiteFideId "5072786"]
[BlackFideId "12573981"]
[EventDate "2025.04.26"]

1. e4 e5 2. Nf3 Nc6 3. Bb5 a6 4. Ba4 Nf6 5. O-O Be7 6. d3 b5 7. Bb3 d6 8. a3 O-O
9. Nc3 Nb8 10. a4 b4 11. Ne2 c5 12. Ng3 Nc6 13. Bg5 Be6 14. c3 Rb8 15. Bxe6 fxe6
16. d4 bxc3 17. bxc3 cxd4 18. cxd4 Nxd4 19. Nxd4 exd4 20. Qxd4 d5 21. Rad1 Rb4
22. Qe5 Qd7 23. exd5 exd5 24. Nh5 Rxa4 25. Rxd5 Qg4 26. Bxf6 Bxf6 27. Nxf6+ gxf6
28. Qe7 Qe4 29. Qd6 Re8 30. Rdd1 Qe6 31. Qc7 Rc4 32. Qb7 Qc6 33. Qb3 Kh8 34. g3
a5 35. Qa3 Ra4 36. Qb2 Rae4 37. Rc1 Qd6 38. Rcd1 Qe6 39. Qb7 a4 40. Qa7 Re7 41.
Qa5 Kg7 42. Ra1 Qe5 43. Rxa4 Qxa5 44. Rxa5 Kg6 45. Raa1 h5 46. Kg2 R7e5 47. Rfd1
Re2 48. Ra3 Rf5 49. Rf3 Rxf3 50. Kxf3 Ra2 51. Rd4 Rb2 52. Ra4 Rc2 53. Rb4 Ra2
54. Rc4 Rb2 55. Re4 Ra2 56. Re2 Ra4 57. Re4 Ra2 58. Kg2 Rb2 59. Rf4 Ra2 60. h3
Rb2 61. Re4 Ra2 62. Kf3 Rb2 63. Re2 Rb4 64. h4 Ra4 65. Re4 Ra2 66. Ke3 Rb2 67.
Rd4 Ra2 68. f3 Ra3+ 69. Kf4 Ra1 70. g4 hxg4 71. fxg4 Rf1+ 72. Kg3 Rg1+ 73. Kf3
Rf1+ 74. Kg2 Ra1 75. Rf4 Ra3 76. Rf3 Ra1 77. Kg3 Ra5 78. Re3 Ra1 79. Re7 Ra3+
80. Kf4 Ra4+ 81. Re4 Ra7 82. h5+ Kf7 83. Rd4 Rb7 84. Rc4 Ra7 85. Rc5 Rb7 86. Kf5
Kg7 87. Rd5 Ra7 1-0

[Event "Superbet Varsavia Rapid 2025"]
[Site "Varsavia"]
[Date "28.04.2025"]
[Round "9.3"]
[White "Topalov, Veselin"]
[Black "Fedoseev, Vladimir"]
[Result "1/2-1/2"]
[WhiteTitle "GM"]
[BlackTitle "GM"]
[WhiteElo "2717"]
[BlackElo "2739"]
[WhiteFideId "2900084"]
[BlackFideId "24130737"]
[EventDate "2025.04.26"]

1. e4 e5 2. Nf3 Nf6 3. d3 Nc6 4. Be2 Be7 5. O-O O-O 6. Nbd2 d5 7. c3 a5 8. a4
Be6 9. Qc2 Nd7 10. exd5 Bxd5 11. Nc4 f5 12. Ne3 Be6 13. Rd1 Qe8 14. d4 f4 15.
Bc4 Bxc4 16. Nxc4 exd4 17. cxd4 Nb4 18. Qe4 Qf7 19. Bxf4 Rae8 20. Nce5 Qxf4 21.
Qxf4 Rxf4 22. Nxd7 Bd6 23. Rac1 Re2 24. b3 g5 25. h3 h5 26. Re1 Rb2 27. Re6 g4
28. hxg4 hxg4 29. Nfe5 Rfxf2 30. Rg6+ Kh7 31. Rxg4 Nd5 32. Re1 Rf4 33. Rxf4 Nxf4
34. Re4 Rb1+ 35. Kf2 Rb2+ 36. Kf3 Nd5 37. Rh4+ Kg7 38. Rg4+ Kh7 39. Ke4 c6 40.
Nc4 Re2+ 41. Kf3 Re6 42. Re4 Rg6 43. g4 Bb4 44. Nce5 Rh6 45. Kg3 Be7 46. Nc5 Nc3
47. Re3 Nd5 48. Rf3 b6 49. Ne4 Re6 50. g5 Kg8 51. Kg4 Bd8 52. Kf5 Re8 53. Nxc6
Kg7 54. Nxd8 Rxd8 55. Nf6 Ne7+ 56. Ke4 Kg6 57. d5 Kxg5 58. Ke5 Ng6+ 59. Ke6 Nf4+
60. Ke7 Ra8 61. d6 Ng6+ 62. Ke6 Nf4+ 63. Ke5 Ng6+ 64. Ke4 Rd8 65. Rf5+ Kh6 66.
Rd5 Kg7 67. Ng4 Nf8 68. Ne5 Kf6 69. d7 Ke6 70. Rb5 Nxd7 71. Nxd7 Kxd7 72. Rxb6
Kc7 73. Rb5 Kc6 74. Ke5 Rd7 75. Ke6 Rd6+ 76. Ke7 Rd7+ 77. Ke8 Rd3 78. Rxa5 Rxb3
79. Rb5 Rxb5 80. axb5+ Kxb5 1/2-1/2

[Event "Superbet Varsavia Rapid 2025"]
[Site "Varsavia"]
[Date "28.04.2025"]
[Round "9.5"]
[White "Aronian, Levon"]
[Black "Gavrilescu, David"]
[Result "1/2-1/2"]
[WhiteTitle "GM"]
[BlackTitle "GM"]
[WhiteElo "2747"]
[BlackElo "2554"]
[WhiteFideId "13300474"]
[BlackFideId "1227190"]
[EventDate "2025.04.26"]

1. c4 e6 2. Nc3 d5 3. d4 c6 4. e3 Nf6 5. Nf3 a6 6. b3 Bb4 7. Bd2 Nbd7 8. Bd3 O-O
9. O-O Bd6 10. Rc1 h6 11. Ne2 e5 12. dxe5 Nxe5 13. Nxe5 Bxe5 14. cxd5 Qxd5 15.
Nd4 c5 16. Bc4 Bxh2+ 17. Kxh2 Qd6+ 18. Kg1 cxd4 19. exd4 Be6 20. Qf3 Bxc4 21.
Rxc4 Nd5 22. Rc5 Rad8 23. Re1 b6 24. Rc4 Rfe8 25. Rec1 Qe7 26. a4 Nf6 27. a5
bxa5 28. Bxa5 Rb8 29. Bc7 Rb5 30. Be5 Nd7 31. Bg3 Qe6 32. Rc6 Qxb3 33. Qg4 f5
34. Qh4 Qf7 35. Bf4 Rb6 36. Rxb6 Nxb6 37. Rc6 Nd7 38. Rxa6 Nf6 39. f3 Re6 40.
Ra5 Nd7 41. d5 Re8 42. Qf2 Nf6 43. Qd2 Nh5 44. d6 Nxf4 45. Qxf4 Rf8 46. Qd4 Rd8
47. Ra7 Qf6 48. Qxf6 gxf6 49. d7 Kf7 50. Kh2 Ke7 51. Kh3 Rxd7 52. Rxd7+ Kxd7 53.
Kh4 Ke6 54. Kh5 Ke5 55. Kxh6 Kf4 56. Kg6 Ke5 57. Kg7 f4 58. Kg6 Ke6 59. Kh5 Kd5
60. Kg6 Ke6 61. Kh5 Kd5 62. Kg6 Ke6 1/2-1/2